Nivel de Aplicación de los Recursos Tecnológicos por los Docentes del Ciclo Básico de la Universidad Abierta para Adultos (UAPA). Periodo Mayo- Agosto 2010 (Record no. 293)

MARC details
000 -LEADER
campo de control de longitud fija 02725nam a2200565Ia 4500
001 - NÚMERO DE CONTROL
campo de control 325
008 - DATOS DE LONGITUD FIJA--INFORMACIÓN GENERAL
campo de control de longitud fija 241029s9999 xx 000 0 und d
010 ## - NÚMERO DE CONTROL DE LA BIBLIOTECA DEL CONGRESO
Número de control de LC 293
041 ## - CÓDIGO DE IDIOMA
Código de lengua del texto/banda sonora o título independiente Español
082 ## - NÚMERO DE LA CLASIFICACIÓN DECIMAL DEWEY
Número de clasificación MGC12-020
245 #0 - MENCIÓN DEL TÍTULO
Título Nivel de Aplicación de los Recursos Tecnológicos por los Docentes del Ciclo Básico de la Universidad Abierta para Adultos (UAPA). Periodo Mayo- Agosto 2010
260 ## - PUBLICACIÓN, DISTRIBUCIÓN, ETC.
Lugar de publicación, distribución, etc. Santiago
300 ## - DESCRIPCIÓN FÍSICA
Extensión 127
520 ## - RESUMEN, ETC.
Sumario, etc. 5
520 ## - RESUMEN, ETC.
Sumario, etc. Este estudio se planteó como objetivo general  analizar  el nivel nivel de aplicación de los recurso tecnológicos por los docentes del ciclo básico de la Universidad Abierta para Adultos (UAPA), periodo Mayo- Agosto 2010.Esta investigación se realizó bajo un enfoque cuantitativo, ya que presentó los resultados de manera numérica. Además,  es de carácter transaccional o transversal. Fue de tipo documental, descriptiva y de campo. El método empleado fue el deductivo y las técnicas utilizadas para la recolección de datos fueron una entrevista a la directora del centro educativo y  un cuestionario aplicado a los docentes.El estudio evidenció que la  Universidad Abierta para Adultos (UAPA)  cuenta con los siguientes recursos tecnológicos: televisión, VHS, cámara digitales, computadora, radio casetera, pizarra digital, retroproyector, Internet entre otros.  Se pudo señalar además, que el recuso tecnológico más utilizado en el proceso enseñanza-aprendizaje es el retroproyector, le sigue el Internet y la pizarra.   Se encontró que el 97% de los docentes ha recibido capacitación para usar los recursos tecnológicos. 
630 ## - PUNTO DE ACCESO ADICIONAL DE MATERIA--TÍTULO UNIFORME
Título uniforme Actitud de los Docentes
630 ## - PUNTO DE ACCESO ADICIONAL DE MATERIA--TÍTULO UNIFORME
Título uniforme Administración de Proyectos
630 ## - PUNTO DE ACCESO ADICIONAL DE MATERIA--TÍTULO UNIFORME
Título uniforme Aprendizaje Significativo
630 ## - PUNTO DE ACCESO ADICIONAL DE MATERIA--TÍTULO UNIFORME
Título uniforme Recursos Audiovisuales
630 ## - PUNTO DE ACCESO ADICIONAL DE MATERIA--TÍTULO UNIFORME
Título uniforme Tecnología Educativa
650 ## - PUNTO DE ACCESO ADICIONAL DE MATERIA--TÉRMINO DE MATERIA
Término de materia o nombre geográfico como elemento de entrada Tecnología de la Información y de la Comunicación (TICs)
690 ## - PUNTO DE ACCESO ADICIONAL DE MATERIA LOCAL--TÉRMINO DE MATERIA (OCLC, RLIN)
Término de materia o nombre geográfico como elemento inicial Elaborado
700 ## - ENTRADA AGREGADA--NOMBRE PERSONAL
Término indicativo de función/relación asesor
Nombre de persona Mena, Miriam
700 ## - ENTRADA AGREGADA--NOMBRE PERSONAL
Término indicativo de función/relación autor
Nombre de persona Vargas , Miguelina
901 ## - ELEMENTOS DE DATOS A LOCAL LDA (RLIN)
a {"1":"Vargas "}
b {"1":"Miguelina "}
902 ## - ELEMENTOS DE DATOS B LOCAL, LDB (RLIN)
a 1
903 ## - ELEMENTOS DE DATOS C LOCAL, LDC (RLIN)
a {"1":"Mena"}
b {"1":"Miriam"}
904 ## - ELEMENTOS DE DATOS D LOCAL, LDD (RLIN)
a Magíster en
905 ## - ELEMENTOS DE DATOS E LOCAL, LDE (RLIN)
a Educación
906 ## - ELEMENTOS DE DATOS F LOCAL, LDF (RLIN)
a 1
907 ## - ELEMENTOS DE DATOS G LOCAL, LDG (RLIN)
a Mención en
908 ## - COLOCAR PARÁMETRO DE COMANDO (RLIN)
Colocar parámetro de comando Gestión de Centros Educativos
909 ## -
-- Universidad Abierta para Adultos (UAPA), Recinto Santiago
910 ## - DATOS DE OPCIÓN DEL USUARIO (OCLC)
Datos de opción del usuario NULL
-- NULL
911 ## - EQUIVALENCIA O REFERENCIA-CRUZADA-NOMBRE DE CONFERENCIA O REUNIÓN/CONGRESO [LOCAL, CANADÁ]
Nombre de congreso/reunión o jurisdicción como elemento de entrada ["1"]
912 ## -
-- NO APLICA
913 ## -
-- NULL
914 ## -
-- 01 de Junio de 2012
915 ## -
-- 30/04/14 09:04
916 ## -
-- NULL
917 ## -
-- NULL
918 ## -
-- NO APLICA
919 ## -
-- ["4","9","20","174","191"]
921 ## -
-- 11
922 ## -
-- 11
923 ## -
-- 0
924 ## -
-- NO APLICA
942 ## - ELEMENTOS DE ENTRADA SECUNDARIOS (KOHA)
Tipo de ítem Koha

No items available.

© 2024. Todos los Derechos Reservados. Desarrollado por IDEICE